000 02399nam0a2200361 4500
001 RU\NLR\BIBL_A\012039132
005 20211208125048.0
010 _a978-5-8381-0349-9
_9500
021 _aRU
_bКН-П-19-039028
_9КН-П-19-2863
035 _a(NLR Aleph) 012039132
035 _a(RuMoRGB)009992162
090 _a11591429
_c11591429
100 _a20190619d2019 k y0rusy50 ca
101 0 _arus
_deng
102 _aRU
105 _aabc|zzzz0||zy
200 1 _aПерспективы многостороннего сотрудничества ШОС с международными структурами в интересах развития стратегии Организации
_e[сборник статей по материалам круглого стола, 19 марта 2018 г.]
_fРос. акад. наук, Федер. гос. бюджет. учреждение науки Институт Дальнего Востока Рос. акад. наук, Центр изуч.
_g[редакционная коллегия: к.воен.н. Ю. В. Морозов (отв. ред.-сост.), Ю. В. Кулинцев]
210 _aМосква
_cИДВ РАН
_d2019
215 _a343 с.
_cил., портр., табл.
_d20
300 _aРез. англ.
320 _aБиблиогр. в примеч. в конце ст.
601 0 2 _aШанхайская организация сотрудничества
_2nlr_sh1
_2nlr_sh2
_3RU\NLR\AUTH\661413491
686 1 _aУ580-65
702 1 _aМорозов
_bЮ. В.
_cканд. воен. наук
_f1951-
_gЮрий Васильевич
_3RU\NLR\AUTH\7756948
_4220
711 0 2 _aШанхайская организация сотрудничества
_3RU\NLR\AUTH\8810062246
711 1 2 _a"Перспективы многостороннего сотрудничества ШОС с международными структурами в интересах развития стратегии Организации", круглый стол
_f2018
_eМосква
_3RU\NLR\AUTH\880504501
712 0 2 _aИнститут Дальнего Востока
_cМосква
_3RU\NLR\AUTH\8822918
_4475
942 _cBOOK
980 _aNBR
980 _aNB